000 00676nam a22002417i 4500
003 URS
005 20251001091313.0
008 160610b xxu||||| |||| 00| 0 eng d
020 _a978007811207
040 _beng
_cURS
_erda
050 0 0 _aHF5823
_b.P978 2011
100 1 _aPurvis, Scott C.
_eauthor.
245 1 0 _aWhich ad pulled best?
_cScott C. Purvis.
250 _a10th ed.
264 1 _aNew York :
_bMc-Graw Hill Irwin,
_c©2011.
300 _ax, 45 pages :
_billustrations ;
_c27 cm.
336 _atext
_btxt
_2rdacontent
337 _aunmediated
_bn
_2rdamedia
338 _avolume
_bnc
_2rdacarrier
650 0 _aDesigns
650 0 _aPsychology
942 _cFR
_2lcc
999 _c72560
_d72559